Planeamiento urbanístico : de la controversia a la renovación / coordinador: Antoni Font de la controversia a la renovación / coordinador:
ISBN:
84-7794-935-2
Descripción Física:
255 p. : il. ; 24 cm
Colección:
Territorio y gobierno: visiones ; 2
Otros Autores:
Font Arellano, Antonio
Materias:
Urbanisme -- Congressos
MARC
| LEADER | 00000nam a2200000Ia 4500 | ||
|---|---|---|---|
| 001 | 15803 | ||
| 008 | 160829s9999 xx 000 0 cat d | ||
| 020 | |a 84-7794-935-2 | ||
| 080 | |a B-2-41 | ||
| 245 | |a Planeamiento urbanístico : |b de la controversia a la renovación / coordinador: |b Antoni Font | ||
| 260 | |a Barcelona : |b Diputació de Barcelona, Xarxa de Municipis, cop. 2003 | ||
| 300 | |a 255 p. : |b il. ; |c 24 cm | ||
| 490 | |a Territorio y gobierno: visiones ; 2 | ||
| 590 | |a Text resultat del seminari: 'Planeamiento urbanístico de controversia', celebrat el 18, 19 i 20 de juliol de 2001 en el marc dels cursos de la Universitat Internacional Menéndez Pelayo de Barcelona. | ||
| 590 | |a Bibliografia. | ||
| 650 | |a Urbanisme |x Congressos |9 27098 | ||
| 700 | |a Font Arellano, Antonio |9 18825 | ||
| 901 | |a Arxiu | ||
| 942 | |n 1 | ||
| 952 | |0 0 |1 0 |4 0 |6 B241 |7 1 |9 47822 |a Arxiu |b Arxiu |d 2016-12-01 |l 0 |o B-2-41 |p 15803 |r 2016-12-01 00:00:00 |w 2016-12-01 |y ARXIU | ||
| 999 | |c 51621 |d 51621 | ||